000 00673nam a22002657a 4500
003 UA-OsUOA
001 28396
007 ta
008 20050322b un ||||| |||| 00| 0 ukr d
100 _aЛубшев Ю. Ф.
090 _a347.965
_bЛ82
942 _cBK
040 _aUA-OsUOA
_brus
_cUA-OsUOA
_dUA-OsUOA
245 _aКурс адвокатского права
_bУчебник
300 _a392 с.
955 _a0
041 _arus
080 _a347.965
020 _a5-94297-068-8
260 _aМ.
_bООО "Профобразование"
_c2004
044 _aRU
250 _n2-е изд., испр. и доп.
650 7 _2UDC
999 _c314763
_d314763